Statistics for The Ultimate WWF Attitude Era Superstars Quiz

Click here to take the quiz!

General Stats

  • This quiz has been taken 252 times
    (198 since last reset)
  • The average score is 62 of 155

Answer Stats

HintAnswer% Correct
He's known to carry a sledgehammer around with himTriple H
98%
The Most Electrifying Man in Sports EntertainmentThe Rock
97%
Vince Mcmahon's mortal enemySteve Austin
96%
The Big Red MachineKane
94%
The American BadassUndertaker
94%
"Can you dig it, SUCKA!!!"Booker T
93%
Y2JChris Jericho
93%
"Have a nice day!"Mick Foley/Mankind/Cactus Jack/Dude Love
90%
Fans love chanting "You Suck!" to the tune of his theme songKurt Angle
89%
His finisher is The X-FactorX-Pac
87%
His finisher is The Crippler Crossface (Died in 2007)Chris Benoit
86%
Latino Heat (Died in 2005)Eddie Guerrero
85%
He was screwed over at Survivor Series 1997Bret Hart
82%
He had a super hero persona called "Blue Blazer"Owen Hart
81%
He retired after he "Lost his smile"Shawn Michaels
79%
Sexual ChocolateMark Henry
76%
The son of Dusty Rhodes who would also go by "The Artist"Goldust/The Artist Formerly Known As Goldust/Dustin Rhodes
75%
One of his signature moves was The StinkfaceRikishi
75%
The Rated R SuperstarEdge
74%
He used to be called "The Roadie"Road Dogg/Jesse James
73%
He used to be called "Rockabilly"Billy Gunn/Mr. Ass
72%
Paul WightBig Show
71%
His finisher is The Swanton BombJeff Hardy
71%
He dated Lita until 2005Matt Hardy
71%
Formerly one of The New Black Jacks, He would become JBLBradshaw/Blackjack Bradshaw
70%
The first black WCW World Champion in history, Former Nation of Domination leaderFaarooq/Ron Simmons
70%
Slammed Andre The Giant at Wrestlemania 3Hulk Hogan
67%
He was the longest reigning Intercontinental Champion in WWE historyThe Honky Tonk Man
67%
1 half of Public Enemy, had his name changed in WWF (Died in 2002)Flyboy Rocco/Rocco Rock
66%
The World's Most Dangerous ManKen Shamrock
65%
His finisher is The Figure 4 LeglockRic Flair
65%
"Hellllloooo....Ladiesssss"Val Venis
63%
His finisher is The F5Brock Lesnar
61%
Aka Too Hot, 1 half of Too CoolScotty 2 Hotty/Scott Taylor
61%
He always tells his brother to "Get the tables!"Bubba Ray Dudley/Buh Buh Ray Dudley
59%
He hosts The Peep ShowChristian
59%
His finisher is The Diamond CutterDDP
59%
Former member of The Nation of Domination and Right to CensorThe Godfather/The Goodfather/Kama Mustafa
59%
Former partner of Dynamite Kid (Died in 2002)British Bulldog/Davey Boy Smith
58%
Started the 24/7 rule for the Hardcore Championship (Died in 2003)Crash Holly
57%
"Testify!"D-von Dudley
57%
Aka Too Sexy, The other half of Too Cool (Died in 2018)Grand Master Sexay/Brian Christopher
57%
The Road Warrior who fell from the titantron (Died in 2003)Hawk
57%
Aka Thurman "Sparky" Plugg, former member of The New Midnight ExpressHardcore Holly/Bob Holly/ Bombastic Bob
56%
The Road Warrior who teamed with Heidenreich (Died in 2020)Animal
55%
He was the leader of The BroodGangrel
55%
Big SexyKevin Nash
55%
In WCW, He was nicknamed "The Man of 1,000 Holds"Dean Malenko
53%
He was in a love triangle between Terri and MoppyPerry Saturn
53%
The ViperRandy Orton
53%
The Lethal WeaponSteve Blackman
53%
He would shake his head violently as he entered the ringD'lo Brown
51%
The Whole F'n ShowRob Van Dam
50%
He was the leader of The J.o.b. SquadAl Snow
49%
He was a Goldberg impersonatorGillberg/Duane Gill
49%
His finisher was The Outsider's EdgeScott Hall
49%
He fed Al Snow "Pepper Steak" (Died in 2004)Big Bossman
48%
He was also known as Lt. LocoChavo Guerrero
48%
He's Nature Boy's son who was beaten down by UndertakerDavid Flair
48%
He was named after a piercing, Aka TensaiPrince Albert
47%
His finisher was The Diving Elbow Drop (Died in 2009)Test
47%
He fell in love with Molly HollySpike Dudley
46%
He was tragically paralyzed in an accident in the ring 1999Droz/Puke
45%
He was Cactus Jack's tag team partnerChainsaw Charlie/Terry Funk
43%
Former member of 3 Count, he's got Hurri-powersThe Hurricane/Shane Helms
43%
Winner of The Brawl For All and former member of The New Midnight ExpressBart Gunn/Bodacious Bart
42%
The Anvil (Died in 2017)Jim Neidhart
42%
1 of The Headbangers, also one half of Lo DownMosh/Chaz/Beaver Cleavage
42%
He's billed from The Red Hook Section of Brooklyn, New YorkTazz
41%
He was also called "Bluedust"Blue Meanie
39%
"Don't piss me off!"Jeff Jarrett
39%
He is Curtis Axel's father (Died in 2003)Mr. Perfect
39%
"What about me?"Raven
39%
His finisher is The Stevie KickSteven Richards/Stevie Richards
39%
He would later be known as The World's Largest Love Machine (Died in 2014)Viscera
38%
He beat Bret Hart at Wrestlemania 9 (Died in 2000)Yokozuna
38%
His finisher was The Cobra ClutchSgt. Slaughter
37%
The rapping clowns who were with the OdditiesInsane Clown Posse/ICP
36%
The other half of The HeadbangersThrasher
35%
The Loose Cannon (Died in 1997)Brian Pillman
33%
"Indeed!"Funaki
33%
He was The WWF Commissioner during The InvasionWilliam Regal/Steve Regal
33%
He would later join The N.W.O. and Kronik in WCW and was leader of The Disciples of Apocalypse in WWF (Died in 2007)Crush/Brian Adams
32%
Dennis Knight, member of Southern Justice and The MinistryMideon/Phineas I. Godwinn
31%
He spits green mistTajiri
31%
Famous jobber, Steve LombardiBrooklyn Brawler
30%
Aka R-TruthK-Kwik
30%
The first Intercontinental Champion (Died in 2020)Pat Patterson
30%
His finisher was The Pearl River PlungeAhmed Johnson
29%
He shockingly eliminated Undertaker in the 2002 Royal RumbleMaven
29%
He managed The Hardy Boyz, One of The Fabulous FreebirdsMichael Hayes
28%
He had a legendary feud with Raven in ECWTommy Dreamer
28%
Ron Harris, Member of The Disciples of Apocalypse8-Ball
27%
He appeared on Raw and Nitro on the same night (Died in 1999)Rick Rude
27%
He almost "married" Billy GunnChuck Palumbo
26%
He was known as Meng in WCWHaku
26%
He was Johnny B. Badd in WCWMarc Mero
26%
The Leader of The Mean Street PossePete Gas
26%
He was supposed to win The Brawl For All (Died in 2009)Steve Williams/Dr. Death
26%
He was the first WWF Light Heavyweight ChampionTaka Michinoku
26%
The Mastodon (Died in 2018)Vader
26%
He teamed with Big Bossman before joining Right To CensorBull Buchanan/Recon
25%
Formerly The Interrogator for The Truth Commision, He later joined The OdditiesKurrgan
25%
He was the leader of Los BoricuasSavio Vega
25%
Aka Flash FunkScorpio/2 Cold Scorpio
25%
He was managed by Lita before The Hardy BoyzEssa Rios/Papi Chulo
24%
Hes a UFC Hall of FamerDan Severn
22%
Aka Earthquake win a Cartman shirt and mask (Died in 2006)Golga
22%
He was "The Fallen Angel" in TNAChristopher Daniels
21%
ECW alumni and member of X-FactorJustin Credible
21%
The member of The Mean Street Posse with 1 nameRodney
21%
Don Harris, Member of The Disciples of ApocalypseSkull
21%
He lost to Shawn Michaels at the 1997 Royal RumbleSycho Sid/Sid Justice/Sid
20%
He was managed by P.M.S.Meat/Shawn Stasiak
19%
He won The ECW World Title while working for WCW (Died in 2007)Mike Awesome
19%
He was Tiger Jeet's sonTiger Ali Singh
19%
Formerly of The New Blackjacks, he joined Jim Cornette's failed NWA invader stable.Barry Windham/Blackjack Windham
18%
The Last Member of The Mean Street PosseJoey Abs
18%
He managed 3-Minute Warning after betraying Billy & ChuckRico
18%
He currently manages Kenny OmegaThe Jackyl/Don Callis
18%
He was 1 half of the only WCW Cruiserweight Tag Team ChampionsBilly Kidman
15%
He was thrown out of the building during a match with Booker TBuff Bagwell
15%
The Last member of The Disciples of ApocalypseChainz
15%
Mark Canterbury, Member of Southern Justice who also wrestled as Shanghai PierceHenry O. Godwinn
15%
He would spread rumors around the locker room and start fightsJust Joe
15%
He was one half of The Thrillseekers with Chris JerichoLance Storm
15%
The blond member of The Rock n' Roll ExpressRicky Morton
15%
He was a crazy..in spanish, competed on Super AstrosSuper Loco
15%
Wrestled alongside his brother JackGerald Briscoe
14%
The brunette member of The Rock n' Roll ExpressRobert Gibson
14%
A masked man portrayed by Del Wilkes (Died in 2021)The Patriot
14%
The tallest of the Oddities, He's also done boxingGiant Silva
13%
The Alliance MVP (Died in 2010)Kanyon
13%
The other half of Public Enemy (Died in 2005)Johnny Grunge
12%
Former member of Kaientai, current member of The Bullet ClubDick Togo
9%
Won the Light Heavyweight Championship from Crash Holly in his debutJerry Lynn
9%
Truth Commission Member who teamed with ReconSniper
9%
He made a surprise return in the 2000 Royal RumbleBob Backlund
8%
The first male Women's ChampionHarvey Wippleman
7%
He was General Rection in WCWHugh Morrus
7%
Frequently teamed with Garrison Cade in 2004Mark Jindrak
7%
He has 1 eye and was in The Brawl For AllPierre Carl Oullet/PCO
7%
He frequently teamed with the last guy in WCW (Died in 2014)Sean O'Haire
7%
Bodybuilder who entered The Brawl For All and lostBrakkus
6%
He was Droz's "Dealer"Key
5%
Aka Adam BombBryan Clarke
4%
One of Los BoricuasJose Estrada Jr.
4%
One of Los BoricuasMiguel Perez
3%
Jobber who also wrestled as The PatriotTom Brandi/Salvatore Sincere
3%
One of Los BoricuasJesus Castillo
2%
He was a member of b.w.o. JapanMen's Teioh
2%
Named after a metal band, He competed on Super AstrosPantera
2%
Former ECW World Champion, one of the last champsSteve Corino
2%
Aka Kaz HayashiShiryu
1%
Aka Mantaur, Member of The Truth CommisionTank
1%

Score Distribution

Percentile by Number Answered

Percent of People with Each Score

Your Score History

You have not taken this quiz since the last reset